Outlook 2021 :
Esta guía práctica le presenta en detalle las funciones del software de correo electrónico Microsoft® Outlook (versión 2021). Está dirigida a cualquier persona que desee descubrir el conjunto de sus herramientas y posibilidades y profundizar en ellas. Una vez presentado el entorno, verá có...
Saved in:
| 主要作者: | |
|---|---|
| 企業作者: | |
| 格式: | 電子書 |
| 語言: | 西班牙语 法语 |
| 出版: |
Barcelona :
Ediciones ENI,
2023.
|
| 叢編: | OFIMATICA PROFESIONAL
|
| 主題: | |
| 在線閱讀: | Acceso a través de ENI. |
| 標簽: |
添加標簽
沒有標簽, 成為第一個標記此記錄!
|
MARC
| LEADER | 00000cam a22000001i 4500 | ||
|---|---|---|---|
| 001 | OP21OUT | ||
| 003 | Editions ENI | ||
| 005 | 20250523 | ||
| 006 | m o d | ||
| 007 | cr cn uuaua | ||
| 008 | 250523s2023||||sp |||||o|||||||| ||spa|| | ||
| 020 | |a 9782409042249 |q versión digital online | ||
| 040 | |a Editions ENI |b spa | ||
| 041 | 0 | |a spa |h fre | |
| 100 | 1 | |a Vv.aa, | |
| 245 | 1 | 0 | |a Outlook 2021 : |c Vv.aa |
| 260 | |a Barcelona : |b Ediciones ENI, |c 2023. | ||
| 300 | |a 383 pages | ||
| 336 | |a text |b txt |2 rdacontent/fre | ||
| 337 | |a computer |b c |2 rdamedia/fre | ||
| 338 | |a online resource |b cr |2 rdacarrier/fre | ||
| 490 | 0 | |a OFIMATICA PROFESIONAL | |
| 500 | |a Edición del 1 December 2023 | ||
| 506 | |a Acceso restringido a miembros | ||
| 520 | 0 | |a Esta guía práctica le presenta en detalle las funciones del software de correo electrónico Microsoft® Outlook (versión 2021). Está dirigida a cualquier persona que desee descubrir el conjunto de sus herramientas y posibilidades y profundizar en ellas. Una vez presentado el entorno, verá cómo enviar mensajes basados o no en una plantilla con datos adjuntos o sin ellos. También verá cómo añadir una firma automática, reenviar un mensaje, recuperar un mensaje enviado por error o marcar un mensaje para su seguimiento. Aprenderá a responder a un mensaje, a reenviarlo y a gestionar los posibles archivos adjuntos recibidos. Se le mostrará en detalle cómo configurar su correo electrónico: elegir el formato de los mensajes, crear una o varias firmas, configurar un mensaje de fuera de la oficina, definir un formato condicional de los mensajes (por ejemplo, mostrar en rojo los mensajes cuyo asunto contenga la palabra Presupuesto), gestionar el correo no deseado y automatizar las tareas repetitivas con la ayuda de los pasos rápidos (por ejemplo, transferir automáticamente determinados mensajes a su responsable). La tercera parte del libro trata sobre el Calendario: aprenderá a gestionar su agenda para planificar citas, eventos, enviar una invitación a una reunión y responder a invitaciones de este tipo; publicar, compartir sus calendarios y crear grupos de calendarios… Outlook le permite también gestionar sus contactos, planificar tareas y crear notas. Se le mostrará cómo gestionar todos los elementos utilizados en Outlook: seleccionarlos, buscarlos, ordenarlos, filtrarlos, agruparlos, organizarlos por categorías... Asimismo, hay un capítulo dedicado a archivar los mensajes y a crear archivos de datos de Outlook (.pst). El último capítulo trata sobre la configuración de la aplicación de mensajería: cómo modificar y crear nuevas vistas, gestionar los grupos de accesos directos y las carpetas, añadir cuentas de correo electrónico y personalizar la cinta de opciones. | |
| 588 | 0 | |a Source de la note de description : Version imprimée | |
| 653 | |a Agenda | ||
| 653 | |a antispam | ||
| 653 | |a Calendario | ||
| 653 | |a Contacto | ||
| 653 | |a Correo electrónico | ||
| 653 | |a e | ||
| 653 | |a Libreta de direcciones | ||
| 653 | |a mail – Outlook21 | ||
| 653 | |a mensaje | ||
| 653 | |a Office 2021 | ||
| 653 | |a Office 21 – Office21 | ||
| 653 | |a Office2021 | ||
| 653 | |a Outlook 2021 | ||
| 653 | |a reunión | ||
| 653 | |a Tareas | ||
| 653 | |a mail | ||
| 653 | |a Microsoft | ||
| 710 | 2 | |a ENI Biblioteca Online (Servicio en linea) | |
| 776 | 0 | |z 9782409042232 |i versión impresa | |
| 856 | 4 | 0 | |u https://eni.unach.elogim.com/cs/unach/?library_guid=FAD402CC-8006-4ADF-8D0B-3EFABB2DE6BA |z Acceso a través de ENI. |